Visualizzazione normale
Vista MARC
- Monti Vittorio
di Personal Name
Records bibliografici associati: 1
001 - CONTROL NUMBER
- control field: 22877
003 - CONTROL NUMBER IDENTIFIER
- control field: IT-RoPau
005 - DATE AND TIME OF LATEST TRANSACTION
- control field: 20140429144139.0
008 - FIXED-LENGTH DATA ELEMENTS
- fixed length control field: 140429|| aca||aabn | a|a d
040 ## - CATALOGING SOURCE
- Original cataloging agency: IT-RoPau
- Transcribing agency: IT-RoPau
100 ## - HEADING--PERSONAL NAME
- Personal name: Monti Vittorio
- Miscellaneous information: Codice autore musica SPICS: 13788
- Relator term: Autore musica
- Name of part/section of a work: Czardas
670 ## - SOURCE DATA FOUND
- Source citation: Work cat.: (IT-RoPau)102843: Palomar Roman 22869, Clasicos a la manera de Roman Palomar y su mariachi (Los)